Catálogo

Enfermería Maternoinfantil / (Registro nro. 18402)

Detalles MARC
000 -LEADER
fixed length control field 01297nam a2200325 a 4500
001 - CONTROL NUMBER
control field 18402
003 - CONTROL NUMBER IDENTIFIER
control field Mx-PuUPA
005 - DATE AND TIME OF LATEST TRANSACTION
control field 20250911113129.0
008 - FIXED-LENGTH DATA ELEMENTS--GENERAL INFORMATION
fixed length control field 140415s1984 mx a gr 001 0 spa d
020 ## - INTERNATIONAL STANDARD BOOK NUMBER
International Standard Book Number 9684263058
040 ## - CATALOGING SOURCE
Original cataloging agency Mx-PuUPA
Language of cataloging spa
Transcribing agency Mx-PuUPA
Modifying agency Mx-PuUPA
Description conventions rda
041 1# - LANGUAGE CODE
Language code of text/sound track or separate title spa
Language code of original eng
100 1# - MAIN ENTRY--PERSONAL NAME
Personal name Friesner, Arlyne,
Relator term autor
240 10 - UNIFORM TITLE
Uniform title Maternity Nursing - Nursing Outline Series.
Language of a work Español
245 10 - TITLE STATEMENT
Title Enfermería Maternoinfantil /
Statement of responsibility, etc. Arlyne Friesner, Beverly Raff ; traducido por Manuel Antonio Palacios Elvir
250 ## - EDITION STATEMENT
Edition statement Autorizada en español
264 #1 - PRODUCTION, PUBLICATION, DISTRIBUTION, MANUFACTURE, AND COPYRIGHT NOTICE
Place of production, publication, distribution, manufacture México, D.F. :
Name of producer, publisher, distributor, manufacturer Editorial El Manual Moderno,
Date of production, publication, distribution, manufacture, or copyright notice 1984
300 ## - PHYSICAL DESCRIPTION
Extent 332 páginas :
Other physical details tablas, ilustraciones ;
Dimensions 23 cm
336 ## - CONTENT TYPE
Fuente rdacontent
Content type term texto
Content type code txt
337 ## - MEDIA TYPE
Source rdamedia
Media type term sin medio
Media type code n
338 ## - CARRIER TYPE
Source rdacarrier
Carrier type term volumen
Carrier type code nc
650 #7 - SUBJECT ADDED ENTRY--TOPICAL TERM
Topical term or geographic name entry element Enfermería ginecológica
Source of heading or term armarc
650 #7 - SUBJECT ADDED ENTRY--TOPICAL TERM
Topical term or geographic name entry element Enfermería pediátrica
Source of heading or term armarc
700 1# - ADDED ENTRY--PERSONAL NAME
Personal name Raff, Beverly,
Relator term autor
700 1# - ADDED ENTRY--PERSONAL NAME
Personal name Palacios Elvir, Manuel Antonio
Relator term traductor
765 0# - ORIGINAL LANGUAGE ENTRY
Main entry heading Friesner, Arlyne
Title Maternity Nursing - Nursing Outline Series
Edition Third edition
Place, publisher, and date of publication Garden City, New York : Medical Examination Publishing, ©1982
International Standard Book Number 0874883776
942 ## - ADDED ENTRY ELEMENTS (KOHA)
Source of classification or shelving scheme Dewey Decimal Classification
Koha item type Libro
Classification part 618.9200231
Item part F8718
Existencias
Withdrawn status Lost status Source of classification or shelving scheme Damaged status Not for loan Collection code Home library Current library Shelving location Date acquired Source of acquisition Total Checkouts Total Renewals Full call number Barcode Date last seen Date last checked out Price effective from Koha item type
    Dewey Decimal Classification     General Biblioteca Karol Wojtyla Biblioteca Karol Wojtyla Sala general 03/12/2013 Compra 10 1 618.9200231 F8718 1984 37708 05/01/2026 23/08/2019 03/12/2013 Libro